000 00926nam0a22002411 4500
001 rc\4594880
005 20250611202937.0
035 _a(NLR Aleph) 008385618
090 _a9145141
_c9145141
100 _a20130416a19649999|||y0rusy50 ca
101 0 _arus
102 _aRU
105 _ay z |||||
200 1 _aМетодический сборник по гражданской обороне
_e№ 1-
_fМетод. кабинет ГО
210 _aМосква
_cБ. и.
_d1964-
300 _aОтпеч. множит. аппаратом
333 _aОгранич. пользования
801 0 _aRU
_bNLR
_gpsbo
801 1 _aRU
_bELAR
_2rusmarc
830 _aПеречень имеющихся в библиотеке томов, номеров, годов этого издания смотри в каталоге периодических изданий
852 _aNLR
_jП10/2823
942 _cBOOK
980 _aNB